000 00549nam a2200145 a 4500
008 120416s2005 ||||||||||||||||| || u
050 _aIBRD(08)PRWP/3529
100 _ale Blanc, David
245 1 0 _aEconomic evaluation of housing subsidy systems
246 _aa methodology with application to Morocco
260 _aWashington, D. C.
_bWorld Bank
_c2005
300 _a56p. : ill.
350 _a0.00
995 _D0.00
_FCBU-MAIN LIBRARY (Kitwe)
_H1
_I0.00
_UAVAILABLE
_ZInternational Publications
999 _c40814
_d40814